000
00204 a2200097 4500
001
8589
100
_a
Col Mumtaz Hussain
245
_a
Maholiati Aloodgi
260
_a
_b
Ferozsons
_c
090
_c
6912
_d
6912
942
_a
NUST-CAE
_c
M
_c
33503
999
_c
243662
_d
243662